| 000 | 01340nam a22003617a 4500 | ||
|---|---|---|---|
| 003 | CHAP | ||
| 005 | 20220329133106.0 | ||
| 008 | 971013s1991 r 00010 d | ||
| 010 | _a2045 | ||
| 011 | _a3017 | ||
| 035 | _a2217 | ||
| 040 | _cCHAP | ||
| 090 | _aTesis | ||
| 100 | 0 | 0 |
_aSinchi Pabaña, José Herminio. _9106545 |
| 245 | _aPrueba de adaptación de 24 genotipos de maíz (Zea mays L.) en el Campo Experimental de Apodaca, N. L.) en la primavera de 1990 | ||
| 260 |
_aMonterrey, N. L. : _bEl autor, _c1991 |
||
| 300 | _a78 h. | ||
| 502 | _aTesis (M.C. Esp. Fitomejoramiento y Fisiotecnia) -- ITESM. División de Graduados e Investigación. Programa de Graduados en AgriculturaD44-76 | ||
| 590 |
_aALEPH _b10 _c20130110 _lUCH01 _h1211 |
||
| 590 |
_aBATCH-UPD _b10 _c20130110 _lUCH01 _h0303 |
||
| 590 |
_aBATCH-UPD _b10 _c20130110 _lUCH01 _h2034 |
||
| 590 |
_aBATCH-UPD _b10 _c20130409 _lUCH01 _h2335 |
||
| 590 |
_aBATCH-UPD _b10 _c20130410 _lUCH01 _h1404 |
||
| 590 |
_aBATCH-UPD _b10 _c20130914 _lUCH01 _h1747 |
||
| 590 |
_aCONVERSION _b10 _c20130109 _lUCH01 _h1302 |
||
| 650 | 1 | 4 |
_aMaíz _xEfecto del medio ambiente. _970935 |
| 650 | 1 | 4 |
_aMaíz _xMejoramiento. _971006 |
| 650 | 1 | 4 |
_aMaíz _xNuevo León. _971029 |
| 650 | 1 | 4 |
_aMaíz _xVariedades. _971081 |
| 901 | _aBK | ||
| 942 | _cTESIS | ||
| 949 |
_bBC _cTES _d-11716 _eTS1 _h24269 _i2217 _si |
||
| 999 |
_c2045 _d2045 |
||